<?xml version="1.0" encoding="UTF-8"?>
<collection xmlns:xsi="http://www.w3.org/2001/XMLSchema-instance" xsi:schemaLocation="http://www.loc.gov/MARC21/slim http://www.loc.gov/standards/marcxml/schema/MARC21slim.xsd" xmlns="http://www.loc.gov/MARC21/slim">
 <record>
  <leader>00000caa a22000003i 4500</leader>
  <controlfield tag="001">UP-1685594773862388423</controlfield>
  <controlfield tag="003">Buklod</controlfield>
  <controlfield tag="005">20210312085201.0</controlfield>
  <controlfield tag="006">m     |  |        </controlfield>
  <controlfield tag="007">ta</controlfield>
  <controlfield tag="008">210604s2013    xx a    r    |||| u|eng d</controlfield>
  <datafield tag="022" ind1=" " ind2=" ">
   <subfield code="a">16551516</subfield>
  </datafield>
  <datafield tag="035" ind1=" " ind2=" ">
   <subfield code="a">(iLib)UPBAG-00039458425</subfield>
  </datafield>
  <datafield tag="040" ind1=" " ind2=" ">
   <subfield code="a">BAG</subfield>
   <subfield code="e">rda</subfield>
  </datafield>
  <datafield tag="041" ind1="0" ind2=" ">
   <subfield code="a">eng</subfield>
  </datafield>
  <datafield tag="090" ind1=" " ind2="0">
   <subfield code="a">ARTICLE-2624</subfield>
  </datafield>
  <datafield tag="100" ind1="1" ind2=" ">
   <subfield code="a">Nartea, Gilbert V.</subfield>
   <subfield code="e">author.</subfield>
  </datafield>
  <datafield tag="245" ind1="1" ind2="0">
   <subfield code="a">Are there rational speculative bubbles in the Philippine stock market?</subfield>
   <subfield code="c">Gilbert V. Nartea, Bo Hu, Baiding Hu.</subfield>
  </datafield>
  <datafield tag="264" ind1=" " ind2="1">
   <subfield code="a">[Quezon City]</subfield>
   <subfield code="b">School of Economics, University of the Philippines</subfield>
   <subfield code="c">2013.</subfield>
  </datafield>
  <datafield tag="300" ind1=" " ind2=" ">
   <subfield code="a">pages 45-56</subfield>
   <subfield code="b">illustrations</subfield>
   <subfield code="c">23 cm</subfield>
  </datafield>
  <datafield tag="336" ind1=" " ind2=" ">
   <subfield code="a">text</subfield>
   <subfield code="2">rdacontent</subfield>
  </datafield>
  <datafield tag="337" ind1=" " ind2=" ">
   <subfield code="a">unmediated</subfield>
   <subfield code="2">rdamedia</subfield>
  </datafield>
  <datafield tag="338" ind1=" " ind2=" ">
   <subfield code="a">volume</subfield>
   <subfield code="2">rdacarrier</subfield>
  </datafield>
  <datafield tag="500" ind1=" " ind2=" ">
   <subfield code="a">Title was 'Philippine Review of Business and Economics' until 1979. Title changed to 'Philippine Review of Economics and Business' from 1980-2000, and again changed to 'Philippine Review of Economics' since 2001.</subfield>
  </datafield>
  <datafield tag="504" ind1=" " ind2=" ">
   <subfield code="a">Includes bibliographical references (page 56)</subfield>
  </datafield>
  <datafield tag="520" ind1=" " ind2=" ">
   <subfield code="a">ASEAN stock markets have experienced episodes of long price run-ups followed by large drops over the past 20 years. These apparent bouts of boom and bust have prompted the popular press to conjecture the presence of speculative asset bubbles in these markets causing stock prices to deviate from fundamental values. We use descriptive statistics and McQueen and Thorley's [1994] duration dependence test to examine the presence of rational speculative bubbles?a special case of speculative bubbles' in the Philippine stock market over the period from 1991 to 2009. We do not detect the presence of rational speculative bubbles in the Philippines using both monthly and weekly returns. This implies that the long run-ups in prices and the subsequent drops over the sample period could have been justified by fundamental value changes. However, it is also possible that there were bubbles caused by irrational investor behavior. We suggest that further research in this area is warranted.</subfield>
  </datafield>
  <datafield tag="650" ind1=" " ind2="0">
   <subfield code="a">Philippine Stock Exchange.</subfield>
  </datafield>
  <datafield tag="650" ind1=" " ind2="0">
   <subfield code="a">Stock Market Bubble, 1995-2000.</subfield>
  </datafield>
  <datafield tag="650" ind1=" " ind2="0">
   <subfield code="a">Speculation</subfield>
   <subfield code="z">Philippines.</subfield>
  </datafield>
  <datafield tag="650" ind1=" " ind2="0">
   <subfield code="a">Stock exchanges</subfield>
   <subfield code="z">Philippines.</subfield>
  </datafield>
  <datafield tag="650" ind1=" " ind2="0">
   <subfield code="a">Stocks</subfield>
   <subfield code="x">Prices</subfield>
   <subfield code="z">Philippines.</subfield>
  </datafield>
  <datafield tag="773" ind1="0" ind2=" ">
   <subfield code="t">The Philippine Review of Economics</subfield>
   <subfield code="g">Vol. 50, no. 1 (June 2013), p. 45-56.</subfield>
  </datafield>
  <datafield tag="856" ind1="4" ind2="0">
   <subfield code="a">Request full-text access via UPB University Library through</subfield>
   <subfield code="u">https://forms.gle/KZjBv7aRtY6jiL5E9</subfield>
  </datafield>
  <datafield tag="905" ind1=" " ind2=" ">
   <subfield code="a">FI</subfield>
  </datafield>
  <datafield tag="852" ind1="0" ind2=" ">
   <subfield code="a">UPBAG</subfield>
   <subfield code="b">UPBAG-MAIN</subfield>
   <subfield code="h">ARTICLE-2624</subfield>
  </datafield>
  <datafield tag="942" ind1=" " ind2=" ">
   <subfield code="a">Analytics</subfield>
  </datafield>
 </record>
</collection>
